Ocho novelistas norteamericanos (Record no. 110304)

MARC details
000 -LEADER
campo de control de longitud fija 00664nam a2200169 4500
001 - NÚMERO DE CONTROL
campo de control 110304
003 - IDENTIFICADOR DE NÚMERO DE CONTROL
campo de control ES-MaACL
005 - FECHA Y HORA DE LA ÚLTIMA TRANSACCIÓN
campo de control 20250830103942.0
007 - CAMPO FIJO DE DESCRIPCIÓN FÍSICA--INFORMACIÓN GENERAL
campo de control de longitud fija t|
008 - DATOS DE LONGITUD FIJA--INFORMACIÓN GENERAL
campo de control de longitud fija 061121s1960 sp r ||||1| spa d
245 00 - MENCIÓN DEL TÍTULO
Título Ocho novelistas norteamericanos
Resto del título : John Dos Passos, Ernst Hemingway, William Faulkner, Erekuil Caldwell, John Steinbeck, James T. Farrell, Pearl Buck, John R. Marquand.
260 ## - PUBLICACIÓN, DISTRIBUCIÓN, ETC.
Lugar de publicación, distribución, etc. Madrid :
Nombre del editor, distribuidor, etc. Embajada de los Estados Unidos. Servicio de Informaciones de los Estados Unidos,
Fecha de publicación, distribución, etc. 1960.
300 ## - DESCRIPCIÓN FÍSICA
Extensión 56 p. ;
Dimensiones 18 cm.
710 1# - ENTRADA AGREGADA--NOMBRE DE ENTIDAD CORPORATIVA
Nombre de entidad corporativa o nombre de jurisdicción como elemento de entrada Estados Unidos.
Unidad subordinada Embassy (España)
9 (RLIN) 4025
852 ## - LOCALIZACIÓN
Ubicación ES-MaACL
Número de control de estantería 2004-F-12
Sublocalización o colección R.46403
Holdings
Estatus retirado Estado de pérdida Estado de daño No para préstamo Colección Biblioteca de origen Biblioteca actual Ubicación en estantería Fecha de adquisición Fuente de adquisición Total de préstamos Signatura topográfica completa Código de barras Visto por última vez Precio de reemplazo Tipo de ítem Koha
        Colección de folletos Biblioteca del Ateneo de Madrid Biblioteca del Ateneo de Madrid Depósito folletos 17/01/2008     2004-F-12 1115080 23/02/2023 23/02/2023 Folleto